| 000 | 00396nam a2200181Ia 4500 | ||
|---|---|---|---|
| 005 | 20240823061114.0 | ||
| 008 | 240823s9999||||xx |||||||||||||| ||und|| | ||
| 041 | _aTAMIL | ||
| 082 | _A821 Q7 | ||
| 100 | _aPakkim Chandrar | ||
| 245 | 0 | _aAnantha Madam | |
| 250 | _a1st | ||
| 260 |
_c2017 _bSree Bhuvaneshwer |
||
| 500 | _aYES | ||
| 650 |
_aTamil _bGeneral |
||
| 942 | _cBK | ||
| 999 |
_c232726 _d232726 |
||